[Event "La Vila Region-ch Preferente"]
[Site "La Vila"]
[Date "2015.11.07"]
[Round "5.7"]
[White "Molto Salido, Jose"]
[Black "Villa Torrano, Alejandro"]
[Result "1/2-1/2"]
[WhiteElo "1576"]
[BlackElo "1672"]
[PlyCount "51"]
[EventDate "2015.10.03"]
[EventType "swiss"]
[EventRounds "7"]
[EventCountry "ESP"]
[SourceTitle "EXT 2024"]
[Source "ChessBase"]
[SourceDate "2023.10.10"]
[SourceVersion "1"]
[SourceVersionDate "2023.10.10"]
[SourceQuality "1"]

1. d4 Nf6 2. Nf3 e6 3. Bf4 b6 4. e3 Be7 5. Bd3 d5 6. Nbd2 c5 7. c3 Nbd7 8. Bb5 0-0 9. Bc6 Ba6 10. Bxa8 Qxa8 11. Qc2 Rc8 12. h3 Qc6 13. Ne5 Qb5 14. 0-0-0 cxd4 15. exd4 Qa5 16. Kb1 b5 17. Nxd7 Nxd7 18. Nb3 Qb6 19. Qd2 b4 20. Rc1 Bc4 21. Qc2 Qb5 22. Ka1 Nb6 23. Nd2 bxc3 24. bxc3 Bd3 25. Qb3 Qxb3 26. axb3 1/2-1/2